000
00338nam a2200145Ia 4500
005
20251222175941.0
008
251222s9999||||xx |||||||||||||| ||spa||
020
_a
8439705662
082
_a
863.5/P45
100
_a
Pérez Galdós Benito
245
0
_a
Tristana
250
_a
1ra.ed.
264
_b
Grijalbo Mondadori, S.A.
942
_c
LIB
999
_c
41367
_d
41367